00957 am a2200217 a 450000500170000000800410001702000150005804100080007310000220008124500970010325000470020026000600024730000110030750001550031865300300047365300500050365300550055365300330060865300480064165300500068920240614082739.0100503s1994||||ag a f |||| 001 0 spa d a9500608715 aspa1 aGuyton, Arthur C. aAnatomía y fisiología del sistema nervioso.bNeurociencia básica / cArthur C. Guyton. a2a ed. 1a reimp.bTraducción Diana Klayn aBuenos Aires: bEditorial Médica Panamericana;c1997. a472 p. aGuyton, A. C. (1997). Anatomía y fisiología del sistema nervioso. Neurociencia básica. (2a ed.). Buenos Aires : Editorial Médica Panamericana. aAnatomía macroscópica aBiofísica de membrana y señales nerviosas aSNC: principios generales y fisiología sensorial aSNC: los sentidos especiales aSNC: Neurofisiología motora e integradora aControl nervioso de las funciones orgánicas